[Event "9th Vellmar Chess Days"]
[Site "chess24.com"]
[Date "2017.07.15"]
[Round "4"]
[White "Loehnhardt, Benjamin"]
[Black "Weber, Andreas"]
[Result "1/2-1/2"]
[Board "28"]
[WhiteElo "2009"]
[WhiteCountry "GER"]
[WhiteFideId "4646428"]
[WhiteEloChange "-5"]
[BlackElo "1795"]
[BlackCountry "GER"]
[BlackFideId "24652504"]
[BlackEloChange "5"]

1. Nf3 {[%clk 1:28:08]} d5 {[%clk 1:29:07]} 2. d4 {[%clk 1:28:11]} Nf6 {[%clk
1:29:19]} 3. c4 {[%clk 1:28:09]} e6 {[%clk 1:29:24]} 4. Nc3 {[%clk 1:26:56]} c5
{[%clk 1:29:32]} 5. e3 {[%clk 1:22:52]} a6 {[%clk 1:27:48]} 6. Be2 {[%clk
1:19:48]} dxc4 {[%clk 1:27:53]} 7. Bxc4 {[%clk 1:19:54]} b5 {[%clk 1:28:15]} 8.
Be2 {[%clk 1:17:51]} c4 {[%clk 1:28:41]} 9. Ne5 {[%clk 1:16:44]} Bb7 {[%clk
1:26:36]} 10. Bf3 {[%clk 1:16:21]} Qb6 {[%clk 1:20:29]} 11. a4 {[%clk 1:08:43]}
b4 {[%clk 0:57:12]} 12. Nxc4 {[%clk 0:56:00]} Qc7 {[%clk 0:53:32]} 13. Na2 {[%clk
0:53:53]} Qxc4 {[%clk 0:44:36]} 14. Bxb7 {[%clk 0:53:36]} Ra7 {[%clk 0:45:02]}
15. Bf3 {[%clk 0:51:36]} Bd6 {[%clk 0:34:19]} 16. b3 {[%clk 0:48:15]} Qc7 {[%clk
0:33:58]} 17. Bd2 {[%clk 0:48:23]} Qe7 {[%clk 0:32:20]} 18. Rc1 {[%clk 0:47:01]}
O-O {[%clk 0:32:42]} 19. O-O {[%clk 0:47:05]} e5 {[%clk 0:29:29]} 20. dxe5 {[%clk
0:43:10]} Qxe5 {[%clk 0:29:04]} 21. g3 {[%clk 0:43:23]} a5 {[%clk 0:29:02]} 22.
Rc2 {[%clk 0:43:36]} Rd7 {[%clk 0:25:05]} 23. Qe2 {[%clk 0:35:21]} h5 {[%clk
0:20:51]} 24. Bc1 {[%clk 0:33:24]} h4 {[%clk 0:14:32]} 25. Bb2 {[%clk 0:32:34]}
Qg5 {[%clk 0:14:40]} 26. Nc1 {[%clk 0:19:09]} hxg3 {[%clk 0:14:50]} 27. hxg3
{[%clk 0:19:30]} Re7 {[%clk 0:06:20]} 28. Bd4 {[%clk 0:16:55]} Nbd7 {[%clk
0:06:32]} 29. Nd3 {[%clk 0:16:41]} Rfe8 {[%clk 0:06:22]} 30. Rfc1 {[%clk
0:14:21]} Nf8 {[%clk 0:03:36]} 31. Bc5 {[%clk 0:12:46]} Bxg3 {[%clk 0:01:22]} 32.
fxg3 {[%clk 0:11:59]} Rxe3 {[%clk 0:00:57]} 33. Bxe3 {[%clk 0:06:48]} Rxe3 {[%clk
0:01:23]} 34. Qd1 {[%clk 0:03:24]} Qxg3+ {[%clk 0:01:28]} 35. Bg2 {[%clk
0:03:53]} Rxd3 {[%clk 0:01:25]} 1/2-1/2

[Event "9th Vellmar Chess Days"]
[Site "chess24.com"]
[Date "2017.07.15"]
[Round "4"]
[White "Verhoef, Ruud"]
[Black "Pauls, Wilhelm"]
[Result "1/2-1/2"]
[Board "30"]
[WhiteElo "1890"]
[WhiteCountry "NED"]
[WhiteFideId "1040774"]
[WhiteEloChange "3"]
[BlackElo "1988"]
[BlackCountry "GER"]
[BlackFideId "12990752"]
[BlackEloChange "-3"]

1. e4 {[%clk 1:30:55]} c5 {[%clk 1:30:11]} 2. Nf3 {[%clk 1:31:02]} Nc6 {[%clk
1:30:32]} 3. Bb5 {[%clk 1:31:15]} g6 {[%clk 1:30:07]} 4. Bxc6 {[%clk 1:31:40]}
bxc6 {[%clk 1:30:25]} 5. O-O {[%clk 1:30:40]} Bg7 {[%clk 1:30:36]} 6. Re1 {[%clk
1:27:58]} Nf6 {[%clk 1:29:54]} 7. d3 {[%clk 1:16:21]} O-O {[%clk 1:29:16]} 8. Nc3
{[%clk 1:15:21]} Rb8 {[%clk 1:20:20]} 9. h3 {[%clk 1:10:27]} Ne8 {[%clk 1:19:54]}
10. Na4 {[%clk 1:03:59]} d6 {[%clk 1:14:17]} 11. Rb1 {[%clk 1:01:17]} e5 {[%clk
1:07:55]} 12. Nc3 {[%clk 0:48:52]} Nc7 {[%clk 1:03:40]} 13. Ne2 {[%clk 0:47:57]}
f5 {[%clk 1:03:12]} 14. exf5 {[%clk 0:48:16]} Bxf5 {[%clk 1:03:28]} 15. Ng3
{[%clk 0:48:39]} Be6 {[%clk 1:02:10]} 16. b3 {[%clk 0:48:36]} h6 {[%clk 1:01:01]}
17. Qe2 {[%clk 0:42:14]} Nb5 {[%clk 0:55:44]} 18. Bb2 {[%clk 0:40:09]} Nc7 {[%clk
0:50:12]} 19. a4 {[%clk 0:38:49]} Nd5 {[%clk 0:49:50]} 20. Kh2 {[%clk 0:22:05]}
Rb7 {[%clk 0:42:34]} 21. Ng1 {[%clk 0:18:56]} Nf4 {[%clk 0:40:06]} 22. Qe3 {[%clk
0:18:55]} Rbf7 {[%clk 0:39:52]} 23. f3 {[%clk 0:19:16]} h5 {[%clk 0:33:25]} 24.
N3e2 {[%clk 0:17:43]} Nd5 {[%clk 0:30:26]} 25. Qd2 {[%clk 0:16:29]} g5 {[%clk
0:26:22]} 26. Nc3 {[%clk 0:10:36]} g4 {[%clk 0:19:31]} 27. Ne4 {[%clk 0:05:54]}
gxh3 {[%clk 0:11:09]} 28. Ng5 {[%clk 0:04:30]} Rf6 {[%clk 0:06:10]} 29. Nxe6
{[%clk 0:03:53]} Rxe6 {[%clk 0:06:33]} 30. Nxh3 {[%clk 0:04:12]} Bh6 {[%clk
0:06:08]} 31. Qf2 {[%clk 0:03:48]} Rg6 {[%clk 0:06:18]} 32. Bc1 {[%clk 0:03:50]}
Bxc1 {[%clk 0:05:22]} 33. Rbxc1 {[%clk 0:03:50]} Nf4 {[%clk 0:04:52]} 1/2-1/2

[Event "9th Vellmar Chess Days"]
[Site "chess24.com"]
[Date "2017.07.15"]
[Round "4"]
[White "Reinecke, Katharina"]
[Black "Tremoehlen, Thomas"]
[Result "1/2-1/2"]
[Board "31"]
[WhiteElo "1877"]
[WhiteCountry "GER"]
[WhiteFideId "12929727"]
[WhiteEloChange "3"]
[BlackElo "1980"]
[BlackCountry "GER"]
[BlackFideId "12999555"]
[BlackEloChange "-3"]

1. d4 {[%clk 1:30:05]} Nf6 {[%clk 1:30:58]} 2. c4 {[%clk 1:30:12]} g6 {[%clk
1:31:26]} 3. g3 {[%clk 1:30:35]} Bg7 {[%clk 1:31:52]} 4. Bg2 {[%clk 1:30:49]} O-O
{[%clk 1:32:18]} 5. Nc3 {[%clk 1:31:13]} d6 {[%clk 1:32:46]} 6. Nf3 {[%clk
1:31:01]} c6 {[%clk 1:33:14]} 7. O-O {[%clk 1:31:18]} Qa5 {[%clk 1:33:33]} 8. e4
{[%clk 1:25:17]} e5 {[%clk 1:34:01]} 9. h3 {[%clk 1:21:52]} Nbd7 {[%clk 1:34:28]}
10. Be3 {[%clk 1:16:38]} exd4 {[%clk 1:34:51]} 11. Nxd4 {[%clk 1:13:44]} Ne5
{[%clk 1:35:09]} 12. Nb3 {[%clk 0:58:56]} Qc7 {[%clk 1:35:37]} 13. Nd2 {[%clk
0:55:19]} Be6 {[%clk 1:32:15]} 14. b3 {[%clk 0:52:48]} c5 {[%clk 1:20:01]} 15.
Qc2 {[%clk 0:44:51]} Nc6 {[%clk 1:18:27]} 16. Nf3 {[%clk 0:43:01]} Nd7 {[%clk
1:10:53]} 17. Rad1 {[%clk 0:40:41]} a6 {[%clk 1:07:37]} 18. Rd2 {[%clk 0:36:08]}
Nde5 {[%clk 1:03:24]} 19. Nxe5 {[%clk 0:31:57]} Bxe5 {[%clk 1:03:41]} 20. Ne2
{[%clk 0:30:28]} f5 {[%clk 0:55:49]} 21. f4 {[%clk 0:27:01]} Bg7 {[%clk 0:55:35]}
22. Rfd1 {[%clk 0:25:00]} Rad8 {[%clk 0:54:31]} 23. Kh2 {[%clk 0:23:37]} Rfe8
{[%clk 0:53:10]} 24. Bf2 {[%clk 0:20:30]} Kh8 {[%clk 0:37:42]} 25. Bg1 {[%clk
0:20:23]} Kg8 {[%clk 0:30:07]} 26. Bf2 {[%clk 0:20:46]} 1/2-1/2

[Event "9th Vellmar Chess Days"]
[Site "chess24.com"]
[Date "2017.07.15"]
[Round "4"]
[White "Boerma, Daniel"]
[Black "Maar, Samuel"]
[Result "0-1"]
[Board "32"]
[WhiteElo "1825"]
[WhiteCountry "GER"]
[WhiteFideId "12965715"]
[WhiteEloChange "-6"]
[BlackElo "1952"]
[BlackCountry "GER"]
[BlackFideId "12952591"]
[BlackEloChange "6"]

1. d4 {[%clk 1:30:58]} Nf6 {[%clk 1:30:55]} 2. Nf3 {[%clk 1:31:19]} g6 {[%clk
1:31:21]} 3. e3 {[%clk 1:31:26]} Bg7 {[%clk 1:31:45]} 4. Bd3 {[%clk 1:31:45]} O-O
{[%clk 1:31:44]} 5. Nbd2 {[%clk 1:32:06]} d6 {[%clk 1:31:50]} 6. b3 {[%clk
1:31:35]} c5 {[%clk 1:25:54]} 7. Bb2 {[%clk 1:31:56]} Nc6 {[%clk 1:22:21]} 8. a3
{[%clk 1:32:08]} Re8 {[%clk 1:20:08]} 9. O-O {[%clk 1:32:22]} cxd4 {[%clk
1:17:21]} 10. exd4 {[%clk 1:32:34]} e5 {[%clk 1:11:57]} 11. Re1 {[%clk 1:32:27]}
Bg4 {[%clk 1:04:42]} 12. dxe5 {[%clk 1:32:44]} Nxe5 {[%clk 0:59:17]} 13. Be2
{[%clk 1:30:15]} Nd5 {[%clk 0:53:10]} 14. Nxe5 {[%clk 1:29:00]} Bxe2 {[%clk
0:53:33]} 15. Qxe2 {[%clk 1:28:01]} dxe5 {[%clk 0:53:58]} 16. Rad1 {[%clk
1:27:01]} Nf4 {[%clk 0:49:52]} 17. Qf1 {[%clk 1:22:44]} Qc7 {[%clk 0:46:38]} 18.
Nc4 {[%clk 1:22:37]} b5 {[%clk 0:38:07]} 19. Ne3 {[%clk 1:22:59]} Qc6 {[%clk
0:36:14]} 20. g3 {[%clk 1:21:38]} Ne6 {[%clk 0:36:03]} 21. Qg2 {[%clk 1:18:29]}
e4 {[%clk 0:30:14]} 22. Bxg7 {[%clk 1:18:32]} Kxg7 {[%clk 0:30:43]} 23. c4 {[%clk
1:18:30]} bxc4 {[%clk 0:29:26]} 24. Nxc4 {[%clk 1:17:44]} Ng5 {[%clk 0:28:55]}
25. Re3 {[%clk 1:16:24]} Nf3+ {[%clk 0:25:58]} 26. Kh1 {[%clk 1:16:39]} Rad8
{[%clk 0:25:42]} 27. Qf1 {[%clk 1:15:30]} Qe6 {[%clk 0:22:59]} 28. Rc1 {[%clk
1:13:08]} Rd5 {[%clk 0:21:24]} 29. h3 {[%clk 1:12:04]} Rh5 {[%clk 0:21:09]} 30.
h4 {[%clk 1:11:06]} Qg4 {[%clk 0:16:43]} 31. Qd1 {[%clk 1:08:00]} Qh3# {[%clk
0:16:55]} 0-1

[Event "9th Vellmar Chess Days"]
[Site "chess24.com"]
[Date "2017.07.15"]
[Round "4"]
[White "Seepe, Uwe"]
[Black "Englert, Jon"]
[Result "0-1"]
[Board "33"]
[WhiteElo "1662"]
[WhiteCountry "GER"]
[WhiteFideId "12992585"]
[WhiteEloChange "-4"]
[BlackElo "1904"]
[BlackCountry "GER"]
[BlackFideId "12992275"]
[BlackEloChange "4"]

1. d4 {[%clk 1:28:34]} g6 {[%clk 1:30:39]} 2. e4 {[%clk 1:28:07]} Bg7 {[%clk
1:30:58]} 3. Nf3 {[%clk 1:27:52]} d6 {[%clk 1:31:15]} 4. Be2 {[%clk 1:26:20]} Nf6
{[%clk 1:31:19]} 5. Nc3 {[%clk 1:26:12]} O-O {[%clk 1:31:09]} 6. O-O {[%clk
1:23:35]} Nbd7 {[%clk 1:26:01]} 7. Re1 {[%clk 1:17:28]} e5 {[%clk 1:24:44]} 8.
dxe5 {[%clk 1:16:58]} dxe5 {[%clk 1:24:39]} 9. Bd2 {[%clk 1:10:40]} c6 {[%clk
1:22:53]} 10. Qc1 {[%clk 1:09:30]} Qc7 {[%clk 1:20:50]} 11. h3 {[%clk 1:07:00]}
Nc5 {[%clk 1:16:47]} 12. Bf1 {[%clk 1:06:19]} a5 {[%clk 1:11:10]} 13. Bh6 {[%clk
0:57:07]} b5 {[%clk 1:04:35]} 14. a3 {[%clk 0:57:27]} Be6 {[%clk 0:50:37]} 15.
Bxg7 {[%clk 0:57:05]} Kxg7 {[%clk 0:49:56]} 16. Qe3 {[%clk 0:57:12]} Nfd7 {[%clk
0:45:50]} 17. Ng5 {[%clk 0:48:36]} f6 {[%clk 0:44:19]} 18. Nxe6+ {[%clk 0:47:30]}
Nxe6 {[%clk 0:44:42]} 19. Ne2 {[%clk 0:45:03]} Nb6 {[%clk 0:43:19]} 20. b3 {[%clk
0:41:49]} Rf7 {[%clk 0:34:35]} 21. Rad1 {[%clk 0:41:11]} Rd8 {[%clk 0:33:58]} 22.
Nc1 {[%clk 0:35:24]} Nd4 {[%clk 0:25:55]} 23. Bd3 {[%clk 0:35:43]} b4 {[%clk
0:24:59]} 24. a4 {[%clk 0:33:10]} c5 {[%clk 0:22:51]} 25. Rd2 {[%clk 0:25:42]}
Rfd7 {[%clk 0:19:49]} 26. Red1 {[%clk 0:25:40]} Rd6 {[%clk 0:15:53]} 27. Ne2
{[%clk 0:23:27]} c4 {[%clk 0:13:45]} 28. Bxc4 {[%clk 0:20:47]} Nxc4 {[%clk
0:14:06]} 29. bxc4 {[%clk 0:21:04]} Nxc2 {[%clk 0:13:54]} 30. Rxd6 {[%clk
0:20:06]} Nxe3 {[%clk 0:14:04]} 31. Rxd8 {[%clk 0:20:07]} Nxd1 {[%clk 0:14:28]}
32. Rxd1 {[%clk 0:20:23]} Qxc4 {[%clk 0:14:28]} 33. Ng3 {[%clk 0:20:27]} b3
{[%clk 0:14:50]} 34. h4 {[%clk 0:19:45]} b2 {[%clk 0:15:03]} 35. h5 {[%clk
0:19:34]} Qxa4 {[%clk 0:15:04]} 0-1

[Event "9th Vellmar Chess Days"]
[Site "chess24.com"]
[Date "2017.07.15"]
[Round "4"]
[White "Koronowski, Heinz-Juergen"]
[Black "Kobs, Stephan"]
[Result "1/2-1/2"]
[Board "34"]
[WhiteElo "1753"]
[WhiteCountry "GER"]
[WhiteFideId "12943762"]
[WhiteEloChange "5"]
[BlackElo "1938"]
[BlackCountry "GER"]
[BlackFideId "4684656"]
[BlackEloChange "-5"]

1. e4 {[%clk 1:30:59]} c5 {[%clk 1:30:38]} 2. Nc3 {[%clk 1:31:24]} Nc6 {[%clk
1:30:18]} 3. f4 {[%clk 1:31:48]} g6 {[%clk 1:30:25]} 4. Nf3 {[%clk 1:32:12]} Bg7
{[%clk 1:30:33]} 5. Bb5 {[%clk 1:32:35]} Nd4 {[%clk 1:30:27]} 6. O-O {[%clk
1:32:57]} Nxb5 {[%clk 1:29:51]} 7. Nxb5 {[%clk 1:33:18]} a6 {[%clk 1:27:01]} 8.
Nc3 {[%clk 1:32:12]} b5 {[%clk 1:23:52]} 9. d3 {[%clk 1:31:27]} b4 {[%clk
1:19:45]} 10. Ne2 {[%clk 1:30:16]} d6 {[%clk 1:11:49]} 11. Qe1 {[%clk 1:28:46]}
Nf6 {[%clk 1:06:15]} 12. Ng3 {[%clk 1:24:27]} O-O {[%clk 1:05:07]} 13. f5 {[%clk
1:15:39]} Rb8 {[%clk 0:50:19]} 14. Bd2 {[%clk 1:07:55]} a5 {[%clk 0:47:48]} 15.
Qc1 {[%clk 1:07:43]} Qb6 {[%clk 0:33:33]} 16. c3 {[%clk 0:55:56]} Ba6 {[%clk
0:32:03]} 17. c4 {[%clk 0:55:43]} Ng4 {[%clk 0:24:10]} 18. h3 {[%clk 0:52:41]}
Ne5 {[%clk 0:24:21]} 19. Nxe5 {[%clk 0:52:53]} dxe5 {[%clk 0:21:03]} 20. Bh6
{[%clk 0:50:13]} Bxh6 {[%clk 0:08:19]} 21. Qxh6 {[%clk 0:45:25]} gxf5 {[%clk
0:03:43]} 1/2-1/2

[Event "9th Vellmar Chess Days"]
[Site "chess24.com"]
[Date "2017.07.15"]
[Round "4"]
[White "Blum, Ralph"]
[Black "Powalla, Christian"]
[Result "1-0"]
[Board "35"]
[WhiteElo "2099"]
[WhiteCountry "GER"]
[WhiteFideId "4633520"]
[WhiteEloChange "3"]
[BlackElo "1826"]
[BlackCountry "GER"]
[BlackFideId "24658413"]
[BlackEloChange "-3"]

1. d4 {[%clk 1:30:50]} Nf6 {[%clk 1:30:56]} 2. c4 {[%clk 1:31:12]} c5 {[%clk
1:31:23]} 3. d5 {[%clk 1:31:34]} b5 {[%clk 1:31:47]} 4. cxb5 {[%clk 1:31:54]} a6
{[%clk 1:32:08]} 5. b6 {[%clk 1:32:15]} d6 {[%clk 1:32:24]} 6. Nc3 {[%clk
1:32:37]} Nbd7 {[%clk 1:31:29]} 7. a4 {[%clk 1:32:57]} a5 {[%clk 1:31:26]} 8. e4
{[%clk 1:33:20]} g6 {[%clk 1:29:36]} 9. Nf3 {[%clk 1:33:42]} Bg7 {[%clk 1:29:54]}
10. Be2 {[%clk 1:33:31]} O-O {[%clk 1:30:11]} 11. O-O {[%clk 1:33:53]} Qxb6
{[%clk 1:30:07]} 12. Nd2 {[%clk 1:33:54]} Ba6 {[%clk 1:25:39]} 13. Bb5 {[%clk
1:30:44]} Bxb5 {[%clk 1:21:20]} 14. Nxb5 {[%clk 1:29:10]} Ne8 {[%clk 1:16:47]}
15. Nc4 {[%clk 1:24:17]} Qd8 {[%clk 1:15:27]} 16. Bd2 {[%clk 1:05:58]} Ne5 {[%clk
1:13:45]} 17. Ne3 {[%clk 1:05:11]} Nc7 {[%clk 1:13:33]} 18. Nc3 {[%clk 0:56:34]}
Na6 {[%clk 1:07:19]} 19. f4 {[%clk 0:52:08]} Nd3 {[%clk 1:01:28]} 20. Nc4 {[%clk
0:50:39]} Bd4+ {[%clk 0:58:54]} 21. Be3 {[%clk 0:49:46]} Nxb2 {[%clk 0:57:41]}
22. Nxb2 {[%clk 0:50:08]} Bxe3+ {[%clk 0:58:06]} 23. Kh1 {[%clk 0:50:33]} Bd4
{[%clk 0:58:28]} 24. Qd2 {[%clk 0:50:29]} Rb8 {[%clk 0:49:16]} 25. Nb5 {[%clk
0:50:34]} Bg7 {[%clk 0:48:59]} 26. Rab1 {[%clk 0:49:57]} Nb4 {[%clk 0:38:44]} 27.
Nc4 {[%clk 0:49:54]} Ra8 {[%clk 0:37:42]} 28. Rbd1 {[%clk 0:49:35]} Ra6 {[%clk
0:37:14]} 29. Rfe1 {[%clk 0:49:42]} Qd7 {[%clk 0:35:44]} 30. e5 {[%clk 0:44:32]}
Rd8 {[%clk 0:33:38]} 31. exd6 {[%clk 0:35:33]} exd6 {[%clk 0:31:18]} 32. Qe2
{[%clk 0:34:15]} Kf8 {[%clk 0:28:35]} 33. h3 {[%clk 0:34:32]} h5 {[%clk 0:23:57]}
34. Kh2 {[%clk 0:34:44]} Bh6 {[%clk 0:22:43]} 35. f5 {[%clk 0:32:08]} Raa8 {[%clk
0:18:36]} 36. fxg6 {[%clk 0:25:45]} fxg6 {[%clk 0:18:13]} 37. Nb6 {[%clk
0:21:41]} Qe8 {[%clk 0:16:59]} 38. Qb2 {[%clk 0:16:38]} Bf4+ {[%clk 0:17:18]} 39.
g3 {[%clk 0:16:36]} Be5 {[%clk 0:17:36]} 40. Qf2+ {[%clk 0:13:42]} Kg7 {[%clk
0:16:45]} 41. Nxa8 {[%clk 0:13:35]} h4 {[%clk 0:15:57]} 42. Nac7 {[%clk 0:04:04]}
hxg3+ {[%clk 0:12:02]} 43. Qxg3 {[%clk 0:04:24]} Bxg3+ {[%clk 0:11:42]} 44. Kxg3
{[%clk 0:04:43]} Qh8 {[%clk 0:10:51]} 45. Ne6+ {[%clk 0:03:31]} Kh6 {[%clk
0:10:26]} 46. Re4 {[%clk 0:02:07]} g5 {[%clk 0:09:49]} 47. Nxd8 {[%clk 0:01:47]}
Qxd8 {[%clk 0:09:39]} 48. Re6+ {[%clk 0:01:02]} Kg7 {[%clk 0:09:26]} 49. Nxd6
{[%clk 0:01:09]} Qf8 {[%clk 0:09:02]} 50. Ne8+ {[%clk 0:29:31]} Kh7 {[%clk
0:36:01]} 51. Nf6+ {[%clk 0:29:11]} Kg7 {[%clk 0:35:40]} 52. Nh5+ {[%clk
0:29:18]} Kh7 {[%clk 0:34:33]} 53. d6 {[%clk 0:25:49]} Qf5 {[%clk 0:32:56]} 54.
d7 {[%clk 0:18:49]} Qxe6 {[%clk 0:24:51]} 55. d8Q {[%clk 0:19:06]} Qe3+ {[%clk
0:24:56]} 56. Kg4 {[%clk 0:18:51]} Qe4+ {[%clk 0:24:41]} 57. Kxg5 {[%clk
0:19:00]} Qg2+ {[%clk 0:24:08]} 58. Kh4 {[%clk 0:15:46]} Qe4+ {[%clk 0:22:56]}
59. Kg3 {[%clk 0:14:42]} Qe3+ {[%clk 0:21:29]} 60. Kg4 {[%clk 0:14:52]} Qe6+
{[%clk 0:20:47]} 61. Kf3 {[%clk 0:12:31]} Qb3+ {[%clk 0:20:04]} 62. Kg2 {[%clk
0:11:41]} Qc2+ {[%clk 0:20:23]} 63. Rd2 {[%clk 0:09:53]} Qe4+ {[%clk 0:20:24]}
64. Kh2 {[%clk 0:10:05]} 1-0

[Event "9th Vellmar Chess Days"]
[Site "chess24.com"]
[Date "2017.07.15"]
[Round "4"]
[White "Krausse, Eckhard"]
[Black "Kirchner, Markus"]
[Result "1/2-1/2"]
[Board "36"]
[WhiteElo "1993"]
[WhiteCountry "GER"]
[WhiteFideId "4638174"]
[WhiteEloChange "-5"]
[BlackElo "1820"]
[BlackCountry "GER"]
[BlackFideId "12979163"]
[BlackEloChange "5"]

1. e4 {[%clk 1:29:01]} e6 {[%clk 1:30:36]} 2. d3 {[%clk 1:28:34]} d5 {[%clk
1:30:58]} 3. Nd2 {[%clk 1:28:52]} Nf6 {[%clk 1:31:17]} 4. Ngf3 {[%clk 1:29:12]}
c5 {[%clk 1:31:31]} 5. g3 {[%clk 1:29:23]} Nc6 {[%clk 1:30:54]} 6. Bg2 {[%clk
1:28:47]} Be7 {[%clk 1:31:11]} 7. O-O {[%clk 1:29:11]} O-O {[%clk 1:31:32]} 8.
Re1 {[%clk 1:29:34]} b5 {[%clk 1:31:29]} 9. h4 {[%clk 1:27:06]} a5 {[%clk
1:30:24]} 10. c4 {[%clk 1:16:17]} bxc4 {[%clk 1:25:22]} 11. dxc4 {[%clk 1:13:53]}
Nxe4 {[%clk 1:24:35]} 12. cxd5 {[%clk 1:05:14]} exd5 {[%clk 1:23:26]} 13. Nxe4
{[%clk 0:51:40]} dxe4 {[%clk 1:23:44]} 14. Qa4 {[%clk 0:48:14]} Bb7 {[%clk
1:17:14]} 15. Qxe4 {[%clk 0:47:52]} Qb6 {[%clk 1:16:22]} 16. Bg5 {[%clk 0:42:05]}
Nd4 {[%clk 1:12:48]} 17. Qg4 {[%clk 0:26:45]} Nxf3+ {[%clk 1:08:29]} 18. Bxf3
{[%clk 0:27:09]} Bxf3 {[%clk 1:08:51]} 19. Qxf3 {[%clk 0:27:35]} Bxg5 {[%clk
1:08:10]} 20. hxg5 {[%clk 0:28:01]} Rad8 {[%clk 1:06:58]} 21. Qc3 {[%clk
0:26:00]} Rd5 {[%clk 1:04:26]} 22. Re5 {[%clk 0:25:53]} Rxe5 {[%clk 1:01:31]} 23.
Qxe5 {[%clk 0:26:17]} Rc8 {[%clk 1:01:31]} 24. Re1 {[%clk 0:25:15]} g6 {[%clk
1:01:33]} 25. Re4 {[%clk 0:23:52]} c4 {[%clk 0:56:57]} 26. Rd4 {[%clk 0:20:37]}
a4 {[%clk 0:47:24]} 27. Rd6 {[%clk 0:20:00]} Qb8 {[%clk 0:46:56]} 28. Qd4 {[%clk
0:19:44]} Qc7 {[%clk 0:45:56]} 29. Qd5 {[%clk 0:18:39]} Qe7 {[%clk 0:44:56]} 30.
Rd7 {[%clk 0:18:27]} Qe8 {[%clk 0:44:31]} 31. Kg2 {[%clk 0:17:15]} Qf8 {[%clk
0:41:34]} 32. Qb5 {[%clk 0:15:05]} a3 {[%clk 0:39:22]} 33. Rd2 {[%clk 0:12:41]}
1/2-1/2

[Event "9th Vellmar Chess Days"]
[Site "chess24.com"]
[Date "2017.07.15"]
[Round "4"]
[White "Kanbach, Mike"]
[Black "Wolff, Michael"]
[Result "1/2-1/2"]
[Board "37"]
[WhiteElo "1846"]
[WhiteCountry "GER"]
[WhiteFideId "12974536"]
[WhiteEloChange "4"]
[BlackElo "1993"]
[BlackCountry "GER"]
[BlackFideId "24607657"]
[BlackEloChange "-4"]

1. Nf3 {[%clk 1:30:55]} c5 {[%clk 1:23:00]} 2. e3 {[%clk 1:29:27]} Nf6 {[%clk
1:22:34]} 3. d4 {[%clk 1:29:34]} b6 {[%clk 1:21:54]} 4. Bd3 {[%clk 1:28:09]} Bb7
{[%clk 1:22:06]} 5. Nbd2 {[%clk 1:27:13]} cxd4 {[%clk 1:19:56]} 6. exd4 {[%clk
1:26:18]} e6 {[%clk 1:18:56]} 7. O-O {[%clk 1:26:10]} Be7 {[%clk 1:18:16]} 8. Re1
{[%clk 1:24:58]} O-O {[%clk 1:18:17]} 9. c3 {[%clk 1:20:06]} d6 {[%clk 1:15:29]}
10. Qc2 {[%clk 1:08:43]} Nbd7 {[%clk 1:09:12]} 11. Ne4 {[%clk 1:08:13]} Nxe4
{[%clk 1:05:10]} 12. Bxe4 {[%clk 1:08:31]} Bxe4 {[%clk 1:05:27]} 13. Rxe4 {[%clk
1:08:30]} h5 {[%clk 0:55:38]} 14. h4 {[%clk 0:59:34]} d5 {[%clk 0:53:29]} 15. Re3
{[%clk 0:58:38]} Rc8 {[%clk 0:47:27]} 16. Qd3 {[%clk 0:50:16]} Re8 {[%clk
0:43:02]} 17. Bd2 {[%clk 0:49:47]} 1/2-1/2

[Event "9th Vellmar Chess Days"]
[Site "chess24.com"]
[Date "2017.07.15"]
[Round "4"]
[White "Knoth, Eugen"]
[Black "Held, Maurice"]
[Result "1/2-1/2"]
[Board "38"]
[WhiteElo "1936"]
[WhiteCountry "GER"]
[WhiteFideId "4650395"]
[WhiteEloChange "-3"]
[BlackElo "1819"]
[BlackCountry "GER"]
[BlackFideId "12952761"]
[BlackEloChange "3"]

1. d4 {[%clk 1:30:58]} g6 {[%clk 1:30:54]} 2. Nf3 {[%clk 1:31:15]} Bg7 {[%clk
1:31:16]} 3. Bf4 {[%clk 1:31:39]} c5 {[%clk 1:31:12]} 4. e3 {[%clk 1:31:40]} b6
{[%clk 1:30:33]} 5. c3 {[%clk 1:31:49]} Nf6 {[%clk 1:30:54]} 6. Nbd2 {[%clk
1:31:53]} Bb7 {[%clk 1:30:55]} 7. Be2 {[%clk 1:32:09]} d6 {[%clk 1:31:00]} 8. h3
{[%clk 1:32:27]} Nbd7 {[%clk 1:31:18]} 9. O-O {[%clk 1:32:43]} O-O {[%clk
1:31:27]} 10. Bh2 {[%clk 1:32:33]} a6 {[%clk 1:29:57]} 11. a4 {[%clk 1:32:42]}
Ne4 {[%clk 1:26:22]} 12. Nxe4 {[%clk 1:32:49]} Bxe4 {[%clk 1:26:47]} 13. Nd2
{[%clk 1:33:07]} Bc6 {[%clk 1:25:57]} 14. Bf3 {[%clk 1:33:15]} Bxf3 {[%clk
1:23:54]} 15. Nxf3 {[%clk 1:33:37]} Qc7 {[%clk 1:23:50]} 16. Qe2 {[%clk 1:21:30]}
c4 {[%clk 1:20:16]} 17. Rfc1 {[%clk 1:11:54]} b5 {[%clk 1:19:09]} 18. Nd2 {[%clk
1:11:34]} Rfc8 {[%clk 1:15:34]} 19. axb5 {[%clk 1:00:36]} axb5 {[%clk 1:15:54]}
20. Qf3 {[%clk 1:01:01]} Nb6 {[%clk 1:13:07]} 21. Bg3 {[%clk 0:59:47]} Ra7 {[%clk
1:06:41]} 22. Rxa7 {[%clk 0:52:35]} Qxa7 {[%clk 1:07:06]} 23. Qd1 {[%clk
0:52:54]} 1/2-1/2